Sports Quiz

Random Sports Quiz

Most Sacrifice Flies in Single Season Quiz Stats

 Plays Quiz not verified by Sporcle

Also try: Losing Finalists
Challenge
Share
Tweet
Embed
Score 0/12 Timer 05:00
0 Plays Today
Number of Sacrifices/Year Player % Correct
18 in 1983Andre Dawson
81.8%
15 in 1985Don Mattingly
81.8%
15 in 1998Albert Belle
75.8%
15 in 1986Gary Carter
72.7%
19 in 1954Gil Hodges
69.7%
17 in 1996Bobby Bonilla
69.7%
15 in 1990Bobby Bonilla
69.7%
16 in 2001Juan Gonzalez
63.6%
15 in 1991Howard Johnson
57.6%
17 in 1971Roy White
48.5%
15 in 2000Magglio Ordonez
45.5%
16 in 2004Mark Loretta
24.2%

You're not logged in!

Compare scores with friends on all Sporcle quizzes.
Join for Free
OR
Log In

You Might Also Like...

Show Comments

Extras

Top Quizzes Today


Score Distribution

Your Account Isn't Verified!

In order to create a playlist on Sporcle, you need to verify the email address you used during registration. Go to your Sporcle Settings to finish the process.

Report this User

Report this user for behavior that violates our Community Guidelines.

Details: